| 000 | 00441nam a22001577a 4500 | ||
|---|---|---|---|
| 020 | _a812240829X | ||
| 082 |
_a624.15136 _bVEN _cD |
||
| 100 |
_aVenkatramalah. C _942544 |
||
| 245 |
_aGeotechnical Engineering _cVenkatramalah. C |
||
| 250 | _a2nd ed. | ||
| 260 |
_aDelhi, London, _bNew Age International _c1995 |
||
| 300 |
_axv, 1063 p. _bill. _c28 cm. |
||
| 526 |
_a0 _b0 _c0 _d624_151360000000000_VEN |
||
| 650 |
_aD _96527 |
||
| 942 |
_2ddc _cBK |
||
| 999 |
_c546422 _d546422 |
||